[Event "Aktobe Dvorkovich op-A"]
[Site "Aktobe"]
[Date "2025.06.23"]
[Round "2"]
[White "Bocharov, Dmitry"]
[Black "Amirkul, Alimzhan"]
[Result "1-0"]
[WhiteElo "2522"]
[BlackElo "2357"]
[PlyCount "117"]
[EventDate "2025.06.22"]
[EventType "swiss"]
[EventRounds "9"]
[EventCountry "KAZ"]
[SourceTitle "CB27_2025"]
[SourceDate "2025.07.02"]
[SourceVersion "1"]
[SourceVersionDate "2025.07.02"]
[SourceQuality "1"]

1. e4 c5 2. Nf3 Nc6 3. d4 cxd4 4. Nxd4 e5 5. Nb5 d6 6. c4 Be7 7. N5c3 Nf6 8. Be2 0-0 9. 0-0 Be6 10. Be3 Rc8 11. Na3 a6 12. Qd2 Nd7 13. Nc2 a5 14. Rfd1 Nc5 15. f3 f5 16. exf5 Bxf5 17. Rac1 Kh8 18. Nd5 Bxc2 19. Rxc2 Bf6 20. Bd3 e4 21. Bxe4 Nxe4 22. fxe4 Be5 23. Qe1 Qe8 24. Qh4 Qg6 25. b3 Rce8 26. Rf2 Rxf2 27. Bxf2 h6 28. h3 Rf8 29. Rd2 Kh7 30. Qg4 Qe8 31. Be3 Qf7 32. Rf2 Qe8 33. Rxf8 Qxf8 34. Qf5+ Qxf5 35. exf5 g6 36. fxg6+ Kxg6 37. Kf2 h5 38. Kf3 Kf5 39. g4+ hxg4+ 40. hxg4+ Ke6 41. Ke4 Bb2 42. g5 Be5 43. g6 Bb2 44. Bg5 Be5 45. Bd2 Bb2 46. Bh6 Be5 47. Bg5 Bb2 48. Bf4 Bg7 49. Nc7+ Kf6 50. Ne8+ Kxg6 51. Nxd6 b6 52. Be3 Bf8 53. Nb5 Nb4 54. a3 Nc2 55. Bxb6 Bxa3 56. Nxa3 Nxa3 57. Bxa5 Kf7 58. Kd3 Ke6 59. Bb4 1-0

[Event "RUS-chT 32nd"]
[Site "Sochi"]
[Date "2025.04.26"]
[Round "1.5"]
[White "Bocharov, Dmitry"]
[Black "Novozhilov, Semen"]
[Result "1-0"]
[WhiteElo "2525"]
[BlackElo "2360"]
[PlyCount "55"]
[EventDate "2025.04.26"]
[EventType "team-swiss"]
[EventRounds "9"]
[EventCountry "RUS"]
[SourceTitle "CB19_2025"]
[SourceDate "2025.05.07"]
[SourceVersion "1"]
[SourceVersionDate "2025.05.07"]
[SourceQuality "1"]
[WhiteTeam "Novosibirsk GAU"]
[BlackTeam "Moscow Russian ChSchool"]
[WhiteTeamCountry "RUS"]
[BlackTeamCountry "RUS"]

1. e4 e5 2. Nf3 Nf6 3. d4 Nxe4 4. Bd3 d5 5. Nxe5 Nd7 6. Nxd7 Bxd7 7. 0-0 Be7 8. Nc3 Nf6 9. Qf3 Bg4 10. Qg3 0-0 11. Bg5 Bh5 12. f4 c5 13. Rae1 cxd4 14. Rxe7 dxc3 15. Rxb7 cxb2 16. Rxb2 Re8 17. Qh4 Be2 18. Bxh7+ Kf8 19. Bf5 Ke7 20. Bxf6+ gxf6 21. Rb7+ Kd6 22. Rfb1 Qa5 23. Qxf6+ Kc5 24. c3 Ba6 25. Qd4+ Kd6 26. Rd7+ Kc6 27. Rxf7 Re2 28. Bd7+ 1-0

[Event "Moscow Aeroflot op-A"]
[Site "Moscow"]
[Date "2025.03.06"]
[Round "9"]
[White "Zverev, Lev"]
[Black "Bocharov, Dmitry"]
[Result "1-0"]
[WhiteElo "2425"]
[BlackElo "2535"]
[PlyCount "85"]
[EventDate "2025.03.01"]
[EventType "swiss"]
[EventRounds "9"]
[EventCountry "RUS"]
[SourceTitle "CB11_2025"]
[SourceDate "2025.03.12"]
[SourceVersion "1"]
[SourceVersionDate "2025.03.12"]
[SourceQuality "1"]

1. e4 c5 2. Nf3 d6 3. d4 cxd4 4. Nxd4 Nf6 5. Nc3 a6 6. Be3 e5 7. Nb3 Be6 8. f3 h5 9. Nd5 Nxd5 10. exd5 Bf5 11. Bd3 Bxd3 12. Qxd3 Be7 13. 0-0-0 Bg5 14. Rhe1 0-0 15. Kb1 Bxe3 16. Qxe3 Nd7 17. f4 Rc8 18. g3 Qc7 19. c3 Rfe8 20. Qf3 a5 21. fxe5 Nxe5 22. Qxh5 a4 23. Nd4 a3 24. Re4 Ng6 25. Rxe8+ Rxe8 26. Nb5 Qc5 27. Nxa3 Qf2 28. Ka1 Re2 29. Rb1 Ne5 30. Qh3 f5 31. Qf1 Rxb2 32. Qxf2 Rxf2 33. Rxb7 Rxh2 34. Nb5 Nc4 35. Nd4 Rf2 36. a4 g5 37. Rb4 Rf1+ 38. Ka2 Rf2+ 39. Kb3 Na5+ 40. Ka3 f4 41. Nc6 f3 42. Nxa5 Rc2 43. Rg4 1-0

[Event "Moscow Aeroflot op-A"]
[Site "Moscow"]
[Date "2025.03.01"]
[Round "1"]
[White "Bocharov, Dmitry"]
[Black "Kamalidenova, Meruert"]
[Result "1-0"]
[WhiteElo "2535"]
[BlackElo "2355"]
[PlyCount "119"]
[EventDate "2025.03.01"]
[EventType "swiss"]
[EventRounds "9"]
[EventCountry "RUS"]
[SourceTitle "CB11_2025"]
[SourceDate "2025.03.12"]
[SourceVersion "1"]
[SourceVersionDate "2025.03.12"]
[SourceQuality "1"]

1. e4 c5 2. Nf3 d6 3. d4 cxd4 4. Nxd4 Nf6 5. Nc3 Nc6 6. Bg5 e6 7. Qd2 a6 8. 0-0-0 Bd7 9. f3 Be7 10. Kb1 Nxd4 11. Qxd4 Bc6 12. Bd3 Qa5 13. h4 Qc5 14. Ne2 b5 15. c3 Bb7 16. Bc2 Qc7 17. Qd2 h6 18. Be3 Nd7 19. Nd4 Ne5 20. Qe2 Nc4 21. Bc1 0-0-0 22. a4 bxa4 23. Bxa4 Nb6 24. Bc2 d5 25. Bd3 dxe4 26. fxe4 Na4 27. Bxa6 Qb6 28. Bxb7+ Kxb7 29. Qc2 Ra8 30. Qb3 Nc5 31. Qxb6+ Kxb6 32. Be3 Kc7 33. Rhf1 Rhf8 34. Bf4+ Kb6 35. Be5 f6 36. Bh2 Ra4 37. Kc2 Rc8 38. Bg1 Kb7 39. Rfe1 Ra2 40. Ra1 Rxa1 41. Rxa1 Bd6 42. Nb5 Be5 43. Ra7+ Kb8 44. Rxg7 Nxe4 45. Bd4 Rd8 46. Rg4 Nd6 47. Bxe5 fxe5 48. Nxd6 Rxd6 49. Re4 Rd5 50. c4 Ra5 51. b4 Ra2+ 52. Kc3 Kc7 53. c5 Rxg2 54. Rxe5 Kd7 55. h5 Rg4 56. Kb3 Ke7 57. Ka4 Kf6 58. Re1 e5 59. c6 Ke6 60. Kb5 1-0

[Event "RUS Cup tt"]
[Site "Sochi"]
[Date "2024.11.27"]
[Round "1.5"]
[White "Bocharov, Dmitry"]
[Black "Babarykin, Stanislav"]
[Result "1-0"]
[WhiteElo "2548"]
[BlackElo "2313"]
[PlyCount "111"]
[EventDate "2024.11.27"]
[EventType "team-swiss"]
[EventRounds "7"]
[EventCountry "RUS"]
[SourceTitle "CB50_2024"]
[SourceDate "2024.11.01"]
[SourceVersion "1"]
[SourceVersionDate "2024.11.01"]
[SourceQuality "2"]
[WhiteTeam "Novosibirsk Region"]
[BlackTeam "Vserossiyskoe obschestvo slepykh"]
[WhiteTeamCountry "RUS"]
[BlackTeamCountry "RUS"]

1. d4 Nf6 2. c4 g6 3. Nc3 Bg7 4. e4 0-0 5. Be3 d6 6. h3 c5 7. Nf3 cxd4 8. Nxd4 b6 9. Be2 Bb7 10. Qc2 Nbd7 11. 0-0 Rc8 12. Rac1 a6 13. Qb1 e6 14. Rfd1 Qe7 15. Nf3 Nc5 16. Nd2 a5 17. Bg5 Bc6 18. b3 h6 19. Bh4 g5 20. Bg3 Rfd8 21. a3 d5 22. exd5 exd5 23. cxd5 Nxd5 24. Nxd5 Bxd5 25. Bg4 Be6 26. Nc4 Rxd1+ 27. Rxd1 Nxb3 28. Nd6 Rd8 29. Re1 a4 30. Nxf7 Bxg4 31. Nxd8 Bf5 32. Rxe7 Bxb1 33. Re8+ Kh7 34. Be5 Bxe5 35. Rxe5 Nd4 36. Rd5 Nc2 37. Rd7+ Kg8 38. Rd3 Ba2 39. Nc6 Bc4 40. Rc3 Bb3 41. Nb4 Nxa3 42. Rc6 Nc4 43. Rxh6 Kg7 44. Rc6 a3 45. Rc7+ Kf6 46. g3 Kf5 47. Ra7 Na5 48. Ra6 a2 49. Nxa2 Bxa2 50. Rxb6 Nc4 51. Ra6 Bb3 52. f3 Bd1 53. Kf2 Ke5 54. Rg6 Kf5 55. Rc6 Bb3 56. g4+ 1-0

[Event "Kazakhstan Cup Final"]
[Site "Almaty"]
[Date "2024.11.13"]
[Round "1.2"]
[White "Bocharov, Dmitry"]
[Black "Ansat, Aldiyar"]
[Result "0-1"]
[WhiteElo "2548"]
[BlackElo "2457"]
[PlyCount "72"]
[EventDate "2024.11.12"]
[EventType "k.o."]
[EventRounds "4"]
[EventCountry "KAZ"]
[SourceTitle "CB47_2024"]
[SourceDate "2024.11.20"]
[SourceVersion "1"]
[SourceVersionDate "2024.11.20"]
[SourceQuality "1"]

1. d4 Nf6 2. c4 g6 3. g3 Bg7 4. Bg2 0-0 5. Nc3 d6 6. Nf3 c5 7. d5 e6 8. 0-0 exd5 9. cxd5 Re8 10. Re1 Nbd7 11. e4 a6 12. a4 c4 13. Nd2 Ne5 14. Bf1 Qc7 15. a5 Bd7 16. Ra3 Qc5 17. Qc2 Nd3 18. Bxd3 cxd3 19. Qxd3 Ng4 20. Rf1 Ne5 21. Qb1 Bh3 22. Re1 Bh6 23. Nd1 Rac8 24. Ne3 Qb4 25. Rd1 Rc7 26. Nc2 Qb5 27. Nd4 Qd7 28. Rc3 Rxc3 29. bxc3 Qg4 30. f3 Be3+ 31. Kh1 Qh5 32. N2b3 Bxd4 33. Nxd4 Nxf3 34. Qc2 Nxd4 35. cxd4 Qf3+ 36. Kg1 Rxe4 0-1

[Event "Pavlodar op"]
[Site "Pavlodar"]
[Date "2024.10.17"]
[Round "6"]
[White "Bocharov, Dmitry"]
[Black "Ganguly, Surya Shekhar"]
[Result "1-0"]
[WhiteElo "2526"]
[BlackElo "2598"]
[PlyCount "55"]
[EventDate "2024.10.13"]
[EventType "swiss"]
[EventRounds "10"]
[EventCountry "KAZ"]
[SourceTitle "CB43_2024"]
[Source "Chessbase"]
[SourceDate "2024.10.23"]
[SourceVersion "1"]
[SourceVersionDate "2024.10.23"]
[SourceQuality "1"]

1. c4 c5 2. g3 Nf6 3. Bg2 d5 4. cxd5 Nxd5 5. Nc3 Nc7 6. e3 e5 7. Nge2 Nc6 8. 0-0 Be7 9. f4 exf4 10. Nxf4 0-0 11. b3 Bf5 12. Bb2 Qd7 13. Rf2 Rad8 14. Qf1 b6 15. Ne4 f6 16. Nh5 Bg6 17. Nxg7 Bxe4 18. Bxe4 Kxg7 19. Bf5 Qe8 20. Qh3 h5 21. g4 Bd6 22. gxh5 Be5 23. Rg2+ Kh8 24. Rg6 Rg8 25. Kh1 Qf8 26. Bxe5 fxe5 27. Rf1 Ne7 28. Be4 1-0

[Event "Titled Tuesday intern op 06th Aug Early"]
[Site "Chess.com INT"]
[Date "2024.08.06"]
[Round "10"]
[White "Bocharov, Dmitry"]
[Black "Zhigalko, Sergei"]
[Result "0-1"]
[WhiteElo "2526"]
[BlackElo "2572"]
[PlyCount "88"]
[EventDate "2024.08.06"]
[EventType "swiss (blitz)"]
[EventRounds "11"]
[EventCountry "USA"]
[SourceTitle "EXT 2025"]
[Source "ChessBase"]
[SourceDate "2024.10.14"]
[SourceVersion "1"]
[SourceVersionDate "2024.10.14"]
[SourceQuality "1"]

1. c4 e5 2. d3 Nf6 3. Nf3 Nc6 4. a3 g6 5. b4 Bg7 6. Bb2 d6 7. g3 0-0 8. Bg2 h6 9. 0-0 Be6 10. Nc3 Qd7 11. Rc1 Bh3 12. e4 Bg4 13. Ne2 a5 14. b5 Nd8 15. Kh1 c6 16. a4 Ne6 17. Nfg1 Nc5 18. f3 Be6 19. d4 exd4 20. Nxd4 Rfe8 21. Nge2 Qc7 22. Nf4 Bd7 23. Rf2 Rad8 24. Rd2 Bc8 25. Nd3 Nfd7 26. Nxc5 dxc5 27. bxc6 bxc6 28. Nb3 Bxb2 29. Rxb2 Nb6 30. Rd2 Nxa4 31. f4 Be6 32. h3 Nb2 33. Rxd8 Rxd8 34. Qe2 Nd3 35. Rc3 a4 36. Rxd3 Rxd3 37. Qxd3 axb3 38. Qxb3 Qd6 39. Qf3 Bxc4 40. f5 Qf6 41. Qf4 gxf5 42. exf5 Bd5 43. Kh2 Qb2 44. Qg4+ Kh7 0-1

[Event "Titled Tuesday intern op 06th Aug Early"]
[Site "Chess.com INT"]
[Date "2024.08.06"]
[Round "2"]
[White "Novik, Maxim"]
[Black "Bocharov, Dmitry"]
[Result "0-1"]
[WhiteElo "2411"]
[BlackElo "2526"]
[PlyCount "80"]
[EventDate "2024.08.06"]
[EventType "swiss (blitz)"]
[EventRounds "11"]
[EventCountry "USA"]
[SourceTitle "EXT 2025"]
[Source "ChessBase"]
[SourceDate "2024.10.14"]
[SourceVersion "1"]
[SourceVersionDate "2024.10.14"]
[SourceQuality "1"]

1. c4 e6 2. Nc3 d5 3. d4 c6 4. e4 dxe4 5. Nxe4 Bb4+ 6. Bd2 Qxd4 7. Bxb4 Qxe4+ 8. Be2 Na6 9. Bc3 f6 10. Nf3 Ne7 11. 0-0 0-0 12. Qd6 Nf5 13. Qd2 e5 14. Bd3 Qg4 15. h3 Qh5 16. Qc2 Nc5 17. Bb4 Nxd3 18. Bxf8 Nf4 19. Bc5 Nxh3+ 20. gxh3 Qxf3 21. Qb3 Nh4 22. Qxf3 Nxf3+ 23. Kg2 Nh4+ 24. Kh2 Be6 25. b3 b6 26. Be3 g5 27. Rfd1 Nf5 28. a4 Rb8 29. a5 bxa5 30. Rxa5 Rxb3 31. Rxa7 Rb8 32. Rc7 h5 33. Rxc6 Kf7 34. Ra1 Nxe3 35. Ra7+ Kg6 36. Rxe6 Nxc4 37. Rc7 Nd2 38. Rcc6 Rf8 39. Rxe5 Nf3+ 40. Kg2 Nxe5 0-1

[Event "Titled Tuesday intern op 06th Aug Early"]
[Site "Chess.com INT"]
[Date "2024.08.06"]
[Round "11"]
[White "Ozer, Omer Faruk"]
[Black "Bocharov, Dmitry"]
[Result "1-0"]
[WhiteElo "2340"]
[BlackElo "2526"]
[PlyCount "61"]
[EventDate "2024.08.06"]
[EventType "swiss (blitz)"]
[EventRounds "11"]
[EventCountry "USA"]
[SourceTitle "EXT 2025"]
[Source "ChessBase"]
[SourceDate "2024.10.14"]
[SourceVersion "1"]
[SourceVersionDate "2024.10.14"]
[SourceQuality "1"]

1. e4 c5 2. Nf3 d6 3. d4 cxd4 4. Nxd4 Nf6 5. Nc3 a6 6. Bg5 Nbd7 7. Bc4 Qb6 8. Bb3 e6 9. Bxf6 Nxf6 10. Qd2 Be7 11. 0-0-0 Nd7 12. f4 0-0 13. f5 Nc5 14. g4 Bd7 15. g5 a5 16. f6 Bd8 17. fxg7 Kxg7 18. Rhg1 a4 19. Bc4 Qb4 20. Nf5+ Kh8 21. Nxd6 Bb6 22. a3 Qa5 23. g6 fxg6 24. Rxg6 Rf3 25. Qh6 Nb3+ 26. Kb1 Rg8 27. Rxg8+ Kxg8 28. cxb3 Qe5 29. Nf5 axb3 30. Rxd7 Qxe4+ 31. Nxe4 1-0

[Event "RUS-chT 31th"]
[Site "Sochi"]
[Date "2024.05.08"]
[Round "7.1"]
[White "Lazavik, Denis"]
[Black "Bocharov, Dmitry"]
[Result "1-0"]
[WhiteElo "2572"]
[BlackElo "2524"]
[PlyCount "129"]
[EventDate "2024.05.01"]
[EventType "team-tourn"]
[EventRounds "9"]
[EventCountry "RUS"]
[SourceTitle "CBM 220 Extra"]
[Source "ChessBase"]
[SourceDate "2024.07.31"]
[SourceVersion "1"]
[SourceVersionDate "2024.07.31"]
[SourceQuality "1"]
[WhiteTeam "Belarus"]
[BlackTeam "Novosibirsk GAU"]
[WhiteTeamCountry "BLR"]
[BlackTeamCountry "RUS"]

1. d4 Nf6 2. c4 e6 3. Nf3 d5 4. Nc3 Be7 5. Bf4 0-0 6. e3 b6 7. Be2 dxc4 8. Bxc4 Bb7 9. 0-0 a6 10. Qe2 b5 11. Bd3 Nbd7 12. Rfd1 c5 13. dxc5 b4 14. Na4 Qa5 15. Nd4 Nxc5 16. Nxc5 Qxc5 17. Rac1 Qd5 18. Nf3 Qh5 19. Ne5 Qxe2 20. Bxe2 Rfc8 21. Nc4 Nd5 22. Bg3 f5 23. Na5 Rxc1 24. Rxc1 Rc8 25. Rb1 Ba8 26. Bxa6 Rc2 27. Bd3 Rd2 28. Bf1 Nb6 29. Nb3 Rd7 30. Be5 Nd5 31. Bd4 Kf7 32. Rc1 Bd6 33. Bb5 Rd8 34. Kf1 g5 35. h3 Ke7 36. Na5 e5 37. Ba7 Ke6 38. Nb3 Nf6 39. Bc5 Bd5 40. Bxd6 Kxd6 41. Na5 Ra8 42. Nc4+ Kc5 43. a4 bxa3 44. Nxa3+ Kb4 45. Rc7 Kb3 46. Bc6 Rb8 47. Bxd5+ Nxd5 48. Rc5 Rd8 49. Rb5+ Nb4 50. Rxe5 Kxb2 51. Nb5 f4 52. Rxg5 fxe3 53. fxe3 Nc2 54. e4 Rd2 55. Kg1 Re2 56. Nd6 Kc3 57. h4 Kd4 58. Kh2 Ne3 59. Nf5+ Nxf5 60. exf5 Ke5 61. Rh5 Ra2 62. Rxh7 Kxf5 63. Rg7 Kf4 64. Rg5 Ra1 65. g3+ 1-0

[Event "RUS-chT 31th"]
[Site "Sochi"]
[Date "2024.05.07"]
[Round "6.1"]
[White "Bocharov, Dmitry"]
[Black "Yeletsky, Ivan"]
[Result "1-0"]
[WhiteElo "2524"]
[BlackElo "2505"]
[PlyCount "77"]
[EventDate "2024.05.01"]
[EventType "team-tourn"]
[EventRounds "9"]
[EventCountry "RUS"]
[SourceTitle "CBM 220 Extra"]
[Source "ChessBase"]
[SourceDate "2024.07.31"]
[SourceVersion "1"]
[SourceVersionDate "2024.07.31"]
[SourceQuality "1"]
[WhiteTeam "Novosibirsk GAU"]
[BlackTeam "Moscow Temus"]
[WhiteTeamCountry "RUS"]
[BlackTeamCountry "RUS"]

1. c4 e5 2. g3 c6 3. d4 e4 4. d5 Bb4+ 5. Bd2 Qe7 6. Nc3 Nf6 7. Bg2 0-0 8. Nh3 cxd5 9. cxd5 h6 10. 0-0 Bc5 11. Be3 d6 12. Bxc5 dxc5 13. Nf4 Rd8 14. Qd2 Bf5 15. Rad1 Nc6 16. Qc1 Nd4 17. e3 Nf3+ 18. Bxf3 exf3 19. e4 Nxe4 20. Rfe1 Re8 21. d6 Qd7 22. Nxe4 Bxe4 23. Qxc5 Bc6 24. h4 Rxe1+ 25. Rxe1 Rd8 26. Rd1 Re8 27. Kh2 Re4 28. Rd4 Re2 29. Nd3 a6 30. g4 Rd2 31. Qc3 Re2 32. Kg3 Qe8 33. Qc5 g6 34. a3 Kh7 35. h5 g5 36. Qf5+ Kg7 37. d7 Qb8+ 38. Kh3 Qd8 39. Ne5 1-0

[Event "Titled Tuesday intern op 30th Jan Early"]
[Site "Chess.com INT"]
[Date "2024.01.30"]
[Round "1"]
[White "Bocharov, Dmitry"]
[Black "Parfenov, Viktor N"]
[Result "1-0"]
[WhiteElo "2513"]
[BlackElo "2193"]
[PlyCount "57"]
[EventDate "2024.01.30"]
[EventType "swiss (blitz)"]
[EventRounds "11"]
[EventCountry "USA"]
[SourceTitle "EXT 2025"]
[Source "ChessBase"]
[SourceDate "2024.10.14"]
[SourceVersion "1"]
[SourceVersionDate "2024.10.14"]
[SourceQuality "1"]

1. e4 c5 2. Nf3 d6 3. d4 cxd4 4. Nxd4 Nf6 5. Nc3 a6 6. Be2 e5 7. Nf3 Be7 8. 0-0 0-0 9. Bg5 Nbd7 10. a4 b6 11. Bc4 Bb7 12. Re1 Rc8 13. Bb3 h6 14. Bxf6 Nxf6 15. Nh4 Rxc3 16. bxc3 Nxe4 17. Nf5 d5 18. Bxd5 Bxd5 19. Qxd5 Nxc3 20. Qc4 Bf6 21. Qxc3 e4 22. Qc4 Bxa1 23. Rxa1 Qf6 24. Nd4 b5 25. axb5 axb5 26. Qc5 Rd8 27. c3 e3 28. fxe3 Qg5 29. Qxg5 1-0

[Event "Titled Tuesday intern op 30th Jan Early"]
[Site "Chess.com INT"]
[Date "2024.01.30"]
[Round "7"]
[White "Bocharov, Dmitry"]
[Black "Spasic, Petar"]
[Result "1-0"]
[WhiteElo "2513"]
[BlackElo "2343"]
[PlyCount "23"]
[EventDate "2024.01.30"]
[EventType "swiss (blitz)"]
[EventRounds "11"]
[EventCountry "USA"]
[SourceTitle "EXT 2025"]
[Source "ChessBase"]
[SourceDate "2024.10.14"]
[SourceVersion "1"]
[SourceVersionDate "2024.10.14"]
[SourceQuality "1"]

1. c4 d6 2. g3 e5 3. Bg2 Nc6 4. Nc3 Bd7 5. d3 g6 6. Rb1 Bg7 7. b4 a6 8. a4 Qc8 9. b5 axb5 10. axb5 Nd8 11. Nf3 Ne6 12. 0-0 1-0

[Event "Titled Tuesday intern op 30th Jan Early"]
[Site "Chess.com INT"]
[Date "2024.01.30"]
[Round "2"]
[White "Geivondian, Arman"]
[Black "Bocharov, Dmitry"]
[Result "0-1"]
[WhiteElo "2297"]
[BlackElo "2513"]
[PlyCount "100"]
[EventDate "2024.01.30"]
[EventType "swiss (blitz)"]
[EventRounds "11"]
[EventCountry "USA"]
[SourceTitle "EXT 2025"]
[Source "ChessBase"]
[SourceDate "2024.10.14"]
[SourceVersion "1"]
[SourceVersionDate "2024.10.14"]
[SourceQuality "1"]

1. e4 c5 2. Nf3 d6 3. Bb5+ Nd7 4. d4 cxd4 5. Qxd4 a6 6. Bxd7+ Bxd7 7. c4 Rc8 8. 0-0 e5 9. Qd3 b5 10. b3 h6 11. Be3 Nf6 12. Nc3 Qa5 13. Rfd1 Be7 14. Rac1 0-0 15. h3 Rc7 16. Bd2 Qb6 17. Be3 Qb7 18. cxb5 axb5 19. Ne2 Rxc1 20. Rxc1 Nxe4 21. a4 Ra8 22. Ra1 bxa4 23. bxa4 Rxa4 24. Rb1 Rb4 25. Ra1 Bf5 26. Ra7 Rb1+ 27. Kh2 Nxf2 28. Rxb7 Bxd3 29. Rxb1 Bxb1 30. Bxf2 Be4 31. Nd2 Bc6 32. g4 g6 33. Nc3 f5 34. gxf5 gxf5 35. Nc4 Kf7 36. Be3 f4 37. Bd2 Ke6 38. Kg1 d5 39. Nb2 d4 40. Ncd1 h5 41. Nf2 Bd5 42. Nbd3 Kf5 43. h4 Bxh4 44. Nb4 Bb7 45. Nfd3 Bf6 46. Nc2 Be4 47. Nde1 Bxc2 48. Nxc2 e4 49. Ba5 d3 50. Nb4 d2 0-1

[Event "Titled Tuesday intern op 30th Jan Early"]
[Site "Chess.com INT"]
[Date "2024.01.30"]
[Round "8"]
[White "Xiong, Jeffery"]
[Black "Bocharov, Dmitry"]
[Result "1-0"]
[WhiteElo "2659"]
[BlackElo "2513"]
[PlyCount "85"]
[EventDate "2024.01.30"]
[EventType "swiss (blitz)"]
[EventRounds "11"]
[EventCountry "USA"]
[SourceTitle "EXT 2025"]
[Source "ChessBase"]
[SourceDate "2024.10.14"]
[SourceVersion "1"]
[SourceVersionDate "2024.10.14"]
[SourceQuality "1"]

1. e4 c5 2. Nf3 d6 3. Nc3 a6 4. d4 cxd4 5. Qxd4 Nc6 6. Qd3 g6 7. Be3 Bg7 8. 0-0-0 Bg4 9. Nd5 Rc8 10. Be2 Nf6 11. Nxf6+ Bxf6 12. Qd2 0-0 13. Kb1 Qa5 14. Qxa5 Nxa5 15. h3 Be6 16. Nd4 Nc4 17. Bc1 Bd7 18. b3 Ne5 19. c4 Nc6 20. Nc2 Bg7 21. Bb2 f5 22. c5 fxe4 23. Bc4+ Kh8 24. Bxg7+ Kxg7 25. cxd6 e6 26. Rhf1 Kf6 27. Ne3 h5 28. Be2 b5 29. g4 h4 30. g5+ Kxg5 31. Rg1+ Kf6 32. Rg4 e5 33. Rxh4 Rh8 34. Bg4 Bxg4 35. Rxg4 Rcd8 36. d7 Nd4 37. Rxe4 Rxd7 38. Ng4+ Kf5 39. Rxe5+ Kf4 40. Re3 Rhd8 41. Ne5 Rd5 42. Nxg6+ Kf5 43. Ne7+ 1-0